Study of attitudinal and personality correlates of people's acceptance of family (Record no. 20998)

MARC details
000 -LEADER
fixed length control field 00360nam a2200133Ia 4500
082 ## - DEWEY DECIMAL CLASSIFICATION NUMBER
Classification number TB.0068
100 ## - MAIN ENTRY--AUTHOR NAME
Personal name Bhargava, Mahesh Chand
245 #0 - TITLE STATEMENT
Title Study of attitudinal and personality correlates of people's acceptance of family
250 ## - EDITION STATEMENT
Edition statement Agra University
260 ## - PUBLICATION, DISTRIBUTION, ETC. (IMPRINT)
Year of publication 1978
300 ## - PHYSICAL DESCRIPTION
Number of Pages 273
942 ## - ADDED ENTRY ELEMENTS (KOHA)
Koha item type Books
Holdings
Withdrawn status Lost status Damaged status Not for loan Home library Current library Date acquired Full call number Accession Number Price effective from Koha item type
        NASSDOC Library NASSDOC Library 08/10/2004 TB.0068 13934 18/04/2019 Books